000 00807nam a22002177a 4500
999 _c7578
_d7578
003 AR-CdUCM
008 190320b ||||| |||| 00| 0 spa d
040 _aMUNICIPALIDAD PROVINCIAL DEL CUSCO
_cBIBLIOTECA MUNICIPAL DEL CUSCO
082 _a320 /
_bS68
100 _aSorauf, Francis
_921400
245 _aCiencia política :
_buna sencilla visión general /
260 _aMexico :
_bUteha,
_c1967.
300 _a176 + 11 páginas ;
_c18 cm.
440 _aManuales Uteha
_96994
505 _aCrecimiento y desarrollo de la ciencia política en Estados Unidos --Instrumentos de que se vale el científico de la política -- En busca del ideal político...
650 _aPolítica.
_9291
650 _aCiencia política.
_91775
650 _aTrucos políticos.
_921401
942 _2ddc
_cLIBROS
945 _awfj